| 000 | 00464nam a2200145 a 4500 | ||
|---|---|---|---|
| 001 | 000045672 | ||
| 005 | 20201002052359.0 | ||
| 008 | 150422s1991 dr a 000 0 spa d | ||
| 040 |
_aDO-SdBNP _bspa _cBNPHU |
||
| 082 |
_axxxx _bxxxx |
||
| 100 | 1 |
_aDräzant, Alexander _973733 |
|
| 245 | 1 | 4 |
_aLos versos del nauta / _cAlexander Dräzant. |
| 260 |
_aSanto Domingo : _bTalleres Gráficos de Dominicana de Impresos y Publicidad, _c1991. |
||
| 300 |
_a65 p. : _bil. ; _c21 cm. |
||
| 999 |
_c45161 _d45161 |
||